Football-Coupe d'Afrique des nations 2025 - Pays participants - Statistiques

Statistiques générales
  • Ce quiz a été pris 259 fois
  • Le résultat moyen est 19 sur 24
Statistiques - réponses
Groupe A % Correct
Maroc
100%
Algérie
97%
Sénégal
95%
Tunisie
94%
Egypte
93%
RD Congo
93%
Côte d'Ivoire
92%
Cameroun
91%
Mali
90%
Nigéria
87%
Afrique du Sud
85%
Comores
79%
Zambie
78%
Burkina Faso
72%
Gabon
71%
Guinée équatoriale
69%
Soudan
69%
Angola
68%
Zimbabwe
67%
Mozambique
65%
Benin
62%
Tanzanie
60%
Botswana
58%
Ouganda
56%
Aucun quiz correspondant
Distribution des résultats
% des personnes avec chaque résultat
Percentile par nombre de réponses
Votre historique - résultats
Vous n’avez pas pris ce quiz